Linear partial differential equations for scientists and engineers

Saved in:
Bibliografiske detaljer
Hovedforfatter: Tyn, Myint-U (Author)
Format: Bog
Sprog:engelsk
Udgivet: Boston Birkhäuser 2007
Udgivelse:4a. ed
Fag:
Tags: Tilføj Tag
Ingen Tags, Vær først til at tagge denne postø!

MARC

LEADER 00000cam a2200000 a 4500
001 UCF4888
003 CL-VaPUC
008 130110e20070000US |||||||||||||||||eng|d
020 |a 9780817643935 
082 0 4 |a 515.353  |b TYN  |2 21 
100 0 |a Tyn, Myint-U  |e author  |9 566573 
245 1 0 |a Linear partial differential equations for scientists and engineers 
250 |a 4a. ed 
300 |a 778 p 
942 |c BK 
945 |d 20130110 00:00:00  |a cmena 
260 |a Boston  |b Birkhäuser  |c 2007 
650 0 |a Ecuaciones diferenciales parciales   |9 269889 
650 0 |a Ecuaciones diferenciales  |9 260083 
650 0 |a Modelos matemáticos   |9 259437 
583 |a last modification  |c 20130110 11:00:00  |k Rodrigo Vera 
999 |c 350565  |d 350563 
952 |0 0  |1 0  |4 0  |6 515_353000000000000_TYN_2007  |7 0  |8 A  |9 454075  |a BIBMAT  |b BIBMAT  |d 2019-11-22  |i 4941993  |o 515.353 TYN 2007  |p 4941993  |r 2025-01-07  |w 2019-11-22  |y BK  |k MAT